Embedded retaining walls (Record no. 103199)

MARC details
000 -LEADER
fixed length control field 01216cam a2200313 4500
008 - FIXED-LENGTH DATA ELEMENTS--GENERAL INFORMATION
fixed length control field 031113n2003 000 0 eng u
020 ## - INTERNATIONAL STANDARD BOOK NUMBER
International Standard Book Number 0860175804
035 ## - SYSTEM CONTROL NUMBER
System control number (Sirsi) u124315
041 ## - LANGUAGE CODE
Language code of text/sound track or separate title eng
050 ## - LIBRARY OF CONGRESS CALL NUMBER
Classification number 624.16
-- 18
100 ## - MAIN ENTRY--PERSONAL NAME
Personal name Gaba, A. R.
245 ## - TITLE STATEMENT
Title Embedded retaining walls
Remainder of title guidance for economic design
260 ## - PUBLICATION, DISTRIBUTION, ETC.
Place of publication, distribution, etc. London
Name of publisher, distributor, etc. CIRIA
Date of publication, distribution, etc. 2003
300 ## - PHYSICAL DESCRIPTION
Extent 390p.
Other physical details ill.
Dimensions 30cm.
350 ## - PRICE (NR) (BK AM CF MU VM SE) [OBSOLETE]
Price 120
490 ## - SERIES STATEMENT
Series statement CIRIA Publication
Volume/sequential designation C580
520 ## - SUMMARY, ETC.
Summary, etc. This book provides best practice guidance on the selection and design of vertical embedded retaining walls. It addresses the technical and construction issues relating to the selection of appropriate wall type and construction sequence to achieve overall economy. Glossary, references and various appendices.
650 ## - SUBJECT ADDED ENTRY--TOPICAL TERM
Topical term or geographic name entry element RETAINING WALLS
650 ## - SUBJECT ADDED ENTRY--TOPICAL TERM
Topical term or geographic name entry element GEOTECHNICAL ENGINEERING
650 ## - SUBJECT ADDED ENTRY--TOPICAL TERM
Topical term or geographic name entry element EMBEDDED SYSTEMS
650 ## - SUBJECT ADDED ENTRY--TOPICAL TERM
Topical term or geographic name entry element GROUND ENGINEERING
690 ## - LOCAL SUBJECT ADDED ENTRY--TOPICAL TERM (OCLC, RLIN)
Topical term or geographic name as entry element BUILDING AND CONSTRUCTION-ENGINEERING
700 ## - ADDED ENTRY--PERSONAL NAME
Personal name Simpson, B.
700 ## - ADDED ENTRY--PERSONAL NAME
Personal name Powrie, W.
700 ## - ADDED ENTRY--PERSONAL NAME
Personal name Beadman, D. R.
710 ## - ADDED ENTRY--CORPORATE NAME
Corporate name or jurisdiction name as entry element Construction Industry Research and Information Association
9 (RLIN) 4810
710 ## - ADDED ENTRY--CORPORATE NAME
Corporate name or jurisdiction name as entry element United Kingdom
Subordinate unit Department of Trade and Industry
942 ## - ADDED ENTRY ELEMENTS (KOHA)
Suppress in OPAC 0
Holdings
Withdrawn status Lost status Source of classification or shelving scheme Damaged status Not for loan Home library Current library Shelving location Date acquired Total Checkouts Full call number Barcode Date last seen Copy number Price effective from Koha item type
    Dewey Decimal Classification     London London Folio 13/11/2003   F624.16 GAB 30067902 06/08/2019 1 06/08/2019 Book